000 02127nam0a2200337 4500
001 RU\NLR\bibl\813753
005 20250614133749.0
021 _aRU
_b2005-19546
_9995
035 _a(NLR Aleph) 000802801
090 _a1191942
_c1191942
100 _a20050629d2005 |||y0rusy50 ca
101 0 _arus
102 _aRU
105 _aa |||||||||
200 1 _aУсовершенствованные и новые теории технологических процессов земледельческих орудий с практическими приложениями
_eучебное пособие по теории почвообработки
_fЕ.П. Огрызков, В.Е. Огрызков, П.В. Огрызков
_gпод ред. проф. Е.П. Огрызкова
_gМ-во сел. хоз-ва Рос. Федерации, Федер. гос. образоват. учреждение высш. проф. образования "Омский гос. аграр. ун-т"
210 _aОмск
_cИзд-во ФГОУ ВПО ОмГАУ
_d2005
215 _a90 с.
_cил.
_d20
320 _aБиблиогр.: с. 88-90 ( 36 назв.)
606 1 _aПочвы
_jУчебные издания для высших учебных заведений
_xОбработка
_xМеханизация
_xТеория
_92385169
_3RU\NLR\auth\661422789
606 1 _aПочвообрабатывающие машины и орудия
_jУчебные издания для высших учебных заведений
_xРабочие органы
_xЭнергетические характеристики
_91986246
_3RU\NLR\auth\66911595
686 _aП072-011.2я73
686 _aП072.2-04я73
700 1 _aОгрызков
_bЕ. П.
_gЕвгений Павлович
_4070
701 1 _aОгрызков
_bВ. Е.
_gВладимир Евгеньевич
_4070
701 1 _aОгрызков
_bП. В.
_gПавел Владимирович
_4070
801 0 _aRU
_bNLR
_c20050629
_gPSBO
801 1 _aRU
_bNLR
_c20050629
942 _cBOOK
980 _aNB
980 _aNBR